The fundamentals of branding (Record no. 4895)
[ view plain ]
| 000 -CABECERA | |
|---|---|
| campo de control de longitud fija | 01181nam a2200217 a 4500 |
| 001 - NÚMERO DE CONTROL | |
| campo de control | 991010616809706706 |
| 005 - FECHA Y HORA DE LA ÚLTIMA TRANSACCIÓN | |
| campo de control | 20251003094115.0 |
| 008 - DATOS DE LONGITUD FIJA--INFORMACIÓN GENERAL | |
| campo de control de longitud fija | 090811s2009 sz a 000 0deng c |
| 020 ## - NÚMERO INTERNACIONAL ESTÁNDAR DEL LIBRO | |
| Número Internacional Estándar del Libro | 9782940373987 |
| Información calificativa | (pbk.) |
| 035 ## - NÚMERO DE CONTROL DEL SISTEMA | |
| Número de control de sistema | (ES-BaCBU).b42572277 |
| 035 ## - NÚMERO DE CONTROL DEL SISTEMA | |
| Número de control de sistema | (OCoLC)804338048 |
| 040 ## - FUENTE DE LA CATALOGACIÓN | |
| Centro catalogador/agencia de origen | ES-BaCBU |
| Lengua de catalogación | cat |
| Centro/agencia transcriptor | ES-BaCBU |
| 041 ## - CÓDIGO DE LENGUA | |
| Código de lengua del texto/banda sonora o título independiente | English |
| 100 ## - ENTRADA PRINCIPAL--NOMBRE DE PERSONA | |
| Nombre de persona | Davis, Melissa |
| 9 (RLIN) | 21400 |
| 245 14 - MENCIÓN DE TÍTULO | |
| Título | The fundamentals of branding |
| Mención de responsabilidad, etc. | / by Melissa Davis |
| 260 ## - PUBLICACIÓN, DISTRIBUCIÓN, ETC. | |
| Lugar de publicación, distribución, etc. | Lausanne ; |
| -- | Worthing : |
| Nombre del editor, distribuidor, etc. | AVA Academia, |
| Fecha de publicación, distribución, etc. | 2009 |
| 300 ## - DESCRIPCIÓN FÍSICA | |
| Extensión | 183 pages : |
| Otras características físicas | illustrations, portraits (color) ; |
| Dimensiones | 23 cm. |
| 520 ## - SUMARIO, ETC. | |
| Sumario, etc. | Branding is a discipline that has emerged over the last century to become a ubiquitous force in marketing. The Fundamentals of Branding offers an overview of the foundations of building, developing and maintaining brands.<br/><br/>It provides insight into key aspects such as targeting audiences, trends, brand structures and brand architecture, and examines the fundamental client/agency relationship. It also places branding in a global context and discusses its relation to business practice as well as other creative disciplines. |
| 650 00 - PUNTO DE ACCESO ADICIONAL DE MATERIA--TÉRMINO DE MATERIA | |
| Término de materia o nombre geográfico como elemento de entrada | Branding (Marketing) |
| 9 (RLIN) | 6284 |
| 942 ## - ELEMENTOS DE ENTRADA AGREGADA (KOHA) | |
| Fuente del sistema de clasificación o colocación | Clasificación de Library of Congress |
| Estado de retiro | Estado de pérdida | Fuente del sistema de clasificación o colocación | Estado dañado | No para préstamo | Biblioteca de origen | Biblioteca actual | Fecha de adquisición | Total de préstamos | Renovaciones totales | Signatura topográfica completa | Código de barras | Fecha de vencimiento | Fecha visto por última vez | Fecha del último préstamo | Número de copia | Precio válido a partir de | Tipo de ítem Koha |
|---|---|---|---|---|---|---|---|---|---|---|---|---|---|---|---|---|---|
| Clasificación de Library of Congress | TBS Barcelona | TBS Barcelona | 28/08/2025 | 1 | 1 | HD69.B7 DAV | B06060 | 06/12/2025 | 07/10/2025 | 07/10/2025 | 1 | 28/08/2025 | Book |

